Symposium on Chinese grammar (Record no. 20146)
[ view plain ]
| 000 -LEADER | |
|---|---|
| fixed length control field | 00418nam a22001457a 4500 |
| 008 - FIXED-LENGTH DATA ELEMENTS--GENERAL INFORMATION | |
| fixed length control field | 230410b |||||||| |||| 00| 0 eng d |
| 040 ## - CATALOGING SOURCE | |
| Original cataloging agency | National Science Library |
| Transcribing agency | National Science Library |
| 080 ## - UNIVERSAL DECIMAL CLASSIFICATION NUMBER | |
| Universal Decimal Classification number | 809.51-5(082.2) |
| Item number | L5,1 |
| 245 ## - TITLE STATEMENT | |
| Title | Symposium on Chinese grammar |
| Statement of responsibility, etc. | / Curzon Press |
| 260 ## - PUBLICATION, DISTRIBUTION, ETC. | |
| Place of publication, distribution, etc. | London: |
| Name of publisher, distributor, etc. | Curzon Press, |
| Date of publication, distribution, etc. | 1971 |
| 300 ## - PHYSICAL DESCRIPTION | |
| Extent | 174p. |
| 650 ## - SUBJECT ADDED ENTRY--TOPICAL TERM | |
| Topical term or geographic name entry element | Management |
| 653 ## - INDEX TERM--UNCONTROLLED | |
| Uncontrolled term | Grammar |
| 942 ## - ADDED ENTRY ELEMENTS (KOHA) | |
| Source of classification or shelving scheme | Universal Decimal Classification |
| Koha item type | Symposium |
| Withdrawn status | Lost status | Source of classification or shelving scheme | Damaged status | Not for loan | Home library | Current library | Shelving location | Date acquired | Total Checkouts | Full call number | Barcode | Date last seen | Price effective from | Koha item type |
|---|---|---|---|---|---|---|---|---|---|---|---|---|---|---|
| Universal Decimal Classification | National Science Library | National Science Library | GF/Rk-22/C-5/R-1 | 02/02/1983 | 809.51-5(082.2) L5,1 | 102742 | 10/04/2023 | 02/02/1983 | Symposium | |||||
| Universal Decimal Classification | National Science Library | National Science Library | GF/Rk-22/C-5/R-1 | 02/02/1983 | 809.51-5(082.2) L5 | 88521 | 10/04/2023 | 02/02/1983 | Symposium |